| Tag |
First Indicator |
Second Indicator |
Subfields |
| LEADER |
00000cam a2200000I 4500 |
| 001 |
in00000034961 |
| 005 |
20151007063453.0 |
| 008 |
770818s1958 enk 000 0 eng d |
| 015 |
|
|
|a GB58-12896
|
| 035 |
|
|
|a (OCoLC)ocm03199580
|
| 035 |
|
|
|a (OCoLC)03199580
|
| 035 |
|
|
|9 AAD7478AM
|
| 040 |
|
|
|a OCO
|c OCO
|d UKM
|d VXX
|d UtOrBLW
|
| 049 |
|
|
|a TXAM
|
| 090 |
|
|
|a PR83
|b .W34 1958
|
| 092 |
|
|
|a 820.9
|b W25e
|
| 100 |
1 |
|
|a Ward, A. C.
|q (Alfred Charles),
|d 1891-
|
| 245 |
1 |
0 |
|a English literature: Chaucer to Bernard Shaw.
|
| 264 |
|
1 |
|a London,
|a New York [etc.] :
|b Longmans, Green and Co.,
|c [1958]
|
| 300 |
|
|
|a 781 pages :
|b illustrations ;
|c 22 cm.
|
| 336 |
|
|
|a text
|b txt
|2 rdacontent
|
| 337 |
|
|
|a unmediated
|b n
|2 rdamedia
|
| 338 |
|
|
|a volume
|b nc
|2 rdacarrier
|
| 500 |
|
|
|a "First published in three volumes, 1953-55 entitled Illustrated history of English literature."
|
| 500 |
|
|
|a "This one-volume edition without the plates published in 1958."
|
| 650 |
|
0 |
|a English literature
|x History and criticism.
|
| 994 |
|
|
|a E0
|b TXA
|
| 999 |
|
|
|a MARS
|
| 999 |
f |
f |
|s 660ccc99-8d07-33d6-88f2-1aa148d90f61
|i 2809c07b-1bdf-3f4c-ae00-0b31f209541b
|t 0
|
| 952 |
f |
f |
|p ric
|a Texas A&M University
|b Rellis Campus
|c Joint Library Facility
|d Remote Storage
|t 0
|e PR83 .W34 1958
|h Library of Congress classification
|i unmediated -- volume
|m A14801274031
|
| 998 |
f |
f |
|a PR83 .W34 1958
|t 0
|l Remote Storage
|